000 00440nam a22001817a 4500
003 koha_MIRAKIL
005 20231213095415.0
008 231213b |||||||| |||| 00| 0 ||| d
020 _b978-6-05-406944-6
040 _aTR-IsEVY
_btur
_cTR-IsEVY
082 _a800 WHA/İ
100 _aWHARTON , EDİTH.
245 0 _aİKİ KIZ KARDEŞ.
260 _bTURKUVAZ KİTSP,
_c2009
300 _a107.
650 _aEdebiyat.
942 _2ddc
_cBK
999 _c3118
_d3118